| 000 | 00349nam a2200145Ia 4500 | ||
|---|---|---|---|
| 008 | 230917s9999||||xx |||||||||||||| ||und|| | ||
| 040 |
_e4211 _aMAIN |
||
| 041 | _aEnglish | ||
| 082 | _a329.973 S68P | ||
| 100 | _aSoaruf, Frank J | ||
| 245 | 0 | _aParty politics in America | |
| 260 |
_aBoston _bLittle, Brown _c1968 |
||
| 300 | _a438p p. | ||
| 942 | _cBK | ||
| 999 |
_c34933 _d34933 |
||